Missing Word: 1991 Movies Quiz Stats

 Plays Quiz Updated Dec 7, 2012

Support Sporcle.
Go Orange.
Score 0/20 Timer 04:00
1 Play Today
Hint Answer % Correct
Beauty and the _____Beast
98.5%
The _____ of the LambsSilence
98.1%
_____ SlickersCity
92.3%
_____ and LouiseThelma
92%
Drop _____ FredDead
91.9%
Fried Green _____Tomatoes
86.2%
Terminator 2: _____ DayJudgment
85.9%
_____ of the BrideFather
85.2%
Cape _____Fear
78.7%
_____ Shots!Hot
73%
Hint Answer % Correct
The _____ Boy ScoutLast
63.5%
Point _____Break
62%
The Fisher _____King
56.8%
Jungle _____Fever
50.1%
_____ GirlMy
41.1%
Frankie and _____Johnny
37.2%
_____ HollywoodDoc
32.4%
The _____ WayHard
10.5%
The Indian _____Runner
5.6%
A _____ in HarlemRage
5.5%

Today's Daily Dose

Missing Word
'80s Musicals

Word Ladder
Hereditary

Get the Picture
Food Names

From the Vault

Sitcom Recurring Jokes 7-to-1

by MovieGuru

Ah well-timed callback is always good for a laugh.
Remove Ads.
Support Sporcle.
Get the best of Sporcle when you Go Orange. This ad-free experience offers more features, more stats, and more fun while also helping to support Sporcle. Thank you for becoming a member.

Show Comments

Extras

Top Quizzes Today


Score Distribution

Your Account Isn't Verified!

In order to create a playlist on Sporcle, you need to verify the email address you used during registration. Go to your Sporcle Settings to finish the process.

Report this User

Report this user for behavior that violates our Community Guidelines.

Details: